La historia del juez / (Record no. 107090)

MARC details
000 -LEADER
campo de control de longitud fija 00675nam a2200217 4500
001 - NÚMERO DE CONTROL
campo de control 107090
003 - IDENTIFICADOR DE NÚMERO DE CONTROL
campo de control ES-MaACL
005 - FECHA Y HORA DE LA ÚLTIMA TRANSACCIÓN
campo de control 20260213164414.0
007 - CAMPO FIJO DE DESCRIPCIÓN FÍSICA--INFORMACIÓN GENERAL
campo de control de longitud fija t|
008 - DATOS DE LONGITUD FIJA--INFORMACIÓN GENERAL
campo de control de longitud fija 061121s1948 sp r ||||1| spa d
100 1# - ENTRADA PRINCIPAL--NOMBRE DE PERSONA
Nombre de persona Morgan, Charles.
9 (RLIN) 83510
245 13 - MENCIÓN DEL TÍTULO
Título La historia del juez /
Mención de responsabilidad, etc. Charles Morgan; traducción del inglés por Eduardo de Guzmán.
250 ## - MENCION DE EDICION
Mención de edición 1ª. ed.
260 ## - PUBLICACIÓN, DISTRIBUCIÓN, ETC.
Lugar de publicación, distribución, etc. Barcelona :
Nombre del editor, distribuidor, etc. José Janes,
Fecha de publicación, distribución, etc. 1948.
300 ## - DESCRIPCIÓN FÍSICA
Extensión 284 p. ;
Dimensiones 15 cm.
490 1# - MENCIÓN DE SERIE
Mención de serie Los escritores de ahora
700 1# - ENTRADA AGREGADA--NOMBRE PERSONAL
Nombre de persona Guzmán, Eduardo de,
Fechas asociadas al nombre 1908-1991
9 (RLIN) 61283
830 0# - PUNTO DE ACCESO ADICIONAL DE SERIE-TÍTULO UNIFORME
Título uniforme Los escritores de ahora
9 (RLIN) 182057
852 ## - LOCALIZACIÓN
Ubicación ES-MaACL
Número de control de estantería D-5766
Sublocalización o colección R.27057
Holdings
Estatus retirado Estado de pérdida Estado de daño No para préstamo Biblioteca de origen Biblioteca actual Ubicación en estantería Fecha de adquisición Fuente de adquisición Total de préstamos Signatura topográfica completa Código de barras Visto por última vez Precio de reemplazo Tipo de ítem Koha
        Biblioteca del Ateneo de Madrid Biblioteca del Ateneo de Madrid Sala Valle Inclán 17/01/2008     D-5766 901111775 23/02/2023 23/02/2023 Libro impreso